000
00237nam a22001097a 4500
041
_a
ENG
100
_a
Southwell.P.H
245
_a
The Agricultural Tractor
260
_a
London
_b
Temple Press
_c
1998
650
_a
FMP
856
_u
FMP (23 )
999
_c
1369
_d
1369